Genocidio y responsabilidad penal militar precisiones en torno al artículo 28 del Estatuto de Roma (Registro nro. 49162)

Detalles MARC
000 -ENCABEZADO
Número de control [NR] 01540nam a2200337Ia 4500
008 - DE LONGITUD FIJA DE DATOS DE ELEMENTOS - INFORMACIÓN GENERAL
Elementos de longitud fija [NR] 130821s2006 ck gr spa
020 ## - NUMERO INTERNACIONAL NORMALIZADO PARA LIBROS [R]
Número Internacional Normalizado del libro [NR] 9588225647
040 ## - FUENTE DE CATALOGACION [NR]
Agencia de catalogación original [NR] Co-BoUCM
Idioma de catalogación [NR] spa
041 00 - CODIGO DE IDIOMA [R]
Código de idioma para texto/pista de sonido o título separado [R] Español
100 1# - ASIENTO PRINCIPAL--NOMBRE PERSONAL [NR]
Nombre personal [NR] Mateus Rugeles, Andrea
ID Autoridad 57108
245 10 - MENCION DE TITULO [NR]
Título [NR] Genocidio y responsabilidad penal militar precisiones en torno al artículo 28 del Estatuto de Roma
Mención de responsabilidad, etc. [NR] Andrea Mateus Rugeles
260 ## - PUBLICACION, DISTRIBUCION, ETC. (PIE DE IMPRENTA) [R]
Lugar de publicación, distribución, etc. [R] Bogotá (Colombia)
Nombre del editor, distribuidor, etc. [R] Centro Editorial Rosarista
Fecha de publicación, distribución, etc. [R] 2006
300 ## - DESCRIPCION FISICA [R]
Extensión [R] 84 páginas
490 ## - MENCION DE SERIE [R]
Mención de serie [R] Colección Textos de Jurisprudencia
630 ## - ASIENTO SECUNDARIO DE MATERIA - TITULO UNIFORME [R]
Título uniforme [NR] Sentencia C-181 de 2002
9 (RLIN) 7120
650 04 - ASIENTO SECUNDARIO DE MATERIA - TERMINO TEMATICO [R]
Término temático o nombre geográfico como elemento de entrada [NR] Crímenes contra la humanidad
9 (RLIN) 12143
650 04 - ASIENTO SECUNDARIO DE MATERIA - TERMINO TEMATICO [R]
Término temático o nombre geográfico como elemento de entrada [NR] Delitos contra la persona
9 (RLIN) 12579
650 04 - ASIENTO SECUNDARIO DE MATERIA - TERMINO TEMATICO [R]
Término temático o nombre geográfico como elemento de entrada [NR] Derecho constitucional
9 (RLIN) 12725
650 04 - ASIENTO SECUNDARIO DE MATERIA - TERMINO TEMATICO [R]
Término temático o nombre geográfico como elemento de entrada [NR] Derecho militar
9 (RLIN) 12795
650 04 - ASIENTO SECUNDARIO DE MATERIA - TERMINO TEMATICO [R]
Término temático o nombre geográfico como elemento de entrada [NR] Genocidio
9 (RLIN) 16325
650 04 - ASIENTO SECUNDARIO DE MATERIA - TERMINO TEMATICO [R]
Término temático o nombre geográfico como elemento de entrada [NR] Genocidio
Subdivisión general [R] Legislación
Subdivisión geográfica [R] Colombia
9 (RLIN) 16325
650 04 - ASIENTO SECUNDARIO DE MATERIA - TERMINO TEMATICO [R]
Término temático o nombre geográfico como elemento de entrada [NR] Guerra
Subdivisión general [R] Aspectos jurídicos
9 (RLIN) 16573
650 04 - ASIENTO SECUNDARIO DE MATERIA - TERMINO TEMATICO [R]
Término temático o nombre geográfico como elemento de entrada [NR] Procesos por crímenes de guerra
9 (RLIN) 22413
650 04 - ASIENTO SECUNDARIO DE MATERIA - TERMINO TEMATICO [R]
Término temático o nombre geográfico como elemento de entrada [NR] Responsabilidad penal (Derecho internacional)
9 (RLIN) 23685
650 04 - ASIENTO SECUNDARIO DE MATERIA - TERMINO TEMATICO [R]
Término temático o nombre geográfico como elemento de entrada [NR] Tribunales internacionales
Subdivisión de forma [R] Jurisprudencia
9 (RLIN) 25879
710 1# - ASIENTO SECUNDARIO - NOMBRE CORPORATIVO [R]
Nombre corporativo o de jurisdicción como elemento de entrada [NR] Universidad Colegio Mayor de Nuestra Señora del Rosario.
Unidad subordinada [R] Facultad de Jurisprudencia
9 (RLIN) 3801
856 ## - LOCALIZACION Y ACCESO ELECTRONICOS [R]
Nota dirigida al público [R] Consulte la información editorial haciendo clic aquí
Identificador Uniforme del Recurso (“URI”) [R] <a href="http://editorial.urosario.edu.co/?q=node/25&products_id=2509">http://editorial.urosario.edu.co/?q=node/25&products_id=2509</a>
856 ## - LOCALIZACION Y ACCESO ELECTRONICOS [R]
Nota dirigida al público [R] Consulte la Portada y la Tabla de Contenido haciendo clic aquí
Identificador Uniforme del Recurso (“URI”) [R] <a href="http://hdl.handle.net/10336/1035">http://hdl.handle.net/10336/1035</a>
942 ## - ELEMENTOS DE ENTRADA AGREGADOS (KOHA)
Tipo de ítem principal el descrito en 300a Libro
Tema principal Derecho
Edición 1
Parte restante de la signatura top. M425g
Sistema de clasificación DEWEY
Clasificación 341.778
Existencias
Total préstamos Signatura topográfica Código de barras Última vez visto Ejemplar Price effective from Tipo de ítem Perdido Sistema de clasificación Dañado No prestable Tipo de ítem específico Suprimido Ubicación habitual Ubicación actual Localización Fecha de creación Forma de adquisición Costo Fecha de último préstamo Total Renewals
  341.778 M425g 200011971 09/12/2017 Ej.5 03/02/2013 Libro   DEWEY     Libro   Bodega Bodega Préstamo 4 días después de solicitado 28/02/2006 Memoria institucional 26000.00    
  341.778 M425g 100077864 26/02/2022 Ej.2 03/02/2013 Edición Rosarista   DEWEY     Libro Edición Rosarista   Bodega Bodega Préstamo 4 días después de solicitado 28/02/2006 Memoria institucional 26000.00    
23 341.778 M425g 100077862 04/12/2025 Ej.4 03/02/2013 Libro   DEWEY     Libro   Claustro Claustro 3er piso 28/02/2006 Memoria institucional 26000.00 06/10/2017 3
  341.778 M425g 100077865 04/12/2025 Ej.1 03/02/2013 Libro   DEWEY     Libro   Claustro Claustro 3er piso 28/02/2006 Memoria institucional 26000.00